000
00308 a2200145 4500
001
194944
040
_c
Magnum
100
_a
Porto, Cristina
240
1
0
_a
Catarina Malagueta
_l
por
245
1
0
_a
Catarina Malagueta
300
_a
82
362
0
_a
2006
697
_a
LITERATURA INFANTO-JUVENIL
942
_c
BK
999
_c
194944
_d
194944